书目信息 |
| 题名: |
国际贸易函电
|
|
| 作者: | 张干周 主编 | |
| 分册: | ||
| 出版信息: | 杭州 浙江大学出版社 2007.01 |
|
| 页数: | 264页 | |
| 开本: | 23cm | |
| 丛书名: | ||
| 单 册: | ||
| 中图分类: | H315 | |
| 科图分类: | ||
| 主题词: | 国际贸易--guo ji mao yi--英语--电报信函--高等学校--教材 | |
| 电子资源: | ||
| ISBN: | 978-7-308-05044-9 | |
| 000 | 01041nam0 2200253 450 | |
| 001 | 012007564267 | |
| 005 | 20070920152554.09 | |
| 010 | @a978-7-308-05044-9@dCNY24.00 | |
| 100 | @a20070821d2007 km y0chiy0120 ea | |
| 101 | 0 | @achi@aeng |
| 102 | @aCN@b330000 | |
| 105 | @ay a 000yy | |
| 200 | 1 | @a国际贸易函电@Aguo ji mao yi han dian@d= Communiction in international trade@f张干周主编@Fzhang gan zhou zhu bian@zeng |
| 210 | @a杭州@c浙江大学出版社@d2007.01 | |
| 215 | @a264页@d23cm | |
| 300 | @a应用型本科规划教材 | |
| 320 | @a有书目 (第262-264页)。 | |
| 330 | @a本书通过实例系统讲解国际贸易函电的格式和写作技巧,内容涉及对外经济和贸易等国际商务联系等方面的内容。为使本书内容适应对外贸易等业务发展的实际情况和需求,作者搜集了许多有关函电的具体实例,并增加了招投标、国际会展、电子商务等内容。 | |
| 510 | 1 | @aCommuniction in international trade@zeng |
| 606 | 0 | @a国际贸易@Aguo ji mao yi@x英语@x电报信函@x高等学校@j教材 |
| 690 | @aH315@v4 | |
| 701 | 0 | @a张干周@Azhang gan zhou@4主编 |
| 801 | 0 | @aCN@c20070920 |
| 905 | @dH315@eZ109 | |
| 国际贸易函电= Communiction in international trade/张干周主编.-杭州:浙江大学出版社,2007.01 |
| 264页;23cm |
| 应用型本科规划教材 |
| ISBN 978-7-308-05044-9:CNY24.00 |
| 本书通过实例系统讲解国际贸易函电的格式和写作技巧,内容涉及对外经济和贸易等国际商务联系等方面的内容。为使本书内容适应对外贸易等业务发展的实际情况和需求,作者搜集了许多有关函电的具体实例,并增加了招投标、国际会展、电子商务等内容。 |
| ● |
| 相关链接 |
|
|
|
正题名:国际贸易函电
索取号:H315/Z109
 
预约/预借
| 序号 | 登录号 | 条形码 | 馆藏地/架位号 | 状态 | 备注 |
| 1 | 261462 | 202614625 | 语言库209/209语言库 38排6列5层/ [索取号:H315/Z109] | 在馆 | |
| 2 | 261463 | 202614634 | 语言库209/209语言库 38排6列5层/ [索取号:H315/Z109] | 在馆 | |
| 3 | 261464 | 202614643 | 语言库209/209语言库 38排6列5层/ [索取号:H315/Z109] | 在馆 |